000 00202 a2200097 4500
001 42673
100 _aHay Ian
245 _aThe unconquered ISLE
260 _aLondon
_bHodder
_c
090 _c26568
_d26568
942 _aNUST-CAE
_cM
_c18411
999 _c277746
_d277746